|
|
|
|
| LEADER |
01760nam a2200421 a 4500 |
| 001 |
c000177986 |
| 003 |
CARM |
| 005 |
20001004201940.0 |
| 008 |
730412m19729999ne a b 001 0 eng |
| 010 |
|
|
|a 73146191 //r904
|
| 015 |
|
|
|a Ne73-3
|
| 019 |
1 |
|
|a 536056
|z 45067536
|z 48884538
|5 LACONCORD2021
|
| 020 |
|
|
|a 0720402131
|
| 035 |
|
|
|a (OCoLC)618512
|5 LACONCORD2021
|
| 040 |
|
|
|a LC
|b eng
|c LC
|d LC
|
| 050 |
0 |
0 |
|a TA1675
|b .A73
|
| 050 |
|
4 |
|a TA1683
|b .A74
|
| 082 |
0 |
0 |
|a 621.36/6
|
| 082 |
0 |
4 |
|a 621.36/6
|
| 100 |
1 |
|
|a Arecchi, F. T.
|
| 245 |
1 |
0 |
|a Laser handbook.
|c Ed. by F. T. Arecchi and E. O. Schulz-Dubois.
|
| 260 |
|
|
|a Amsterdam,
|b North-Holland Pub. Co.;
|a New York,
|b American Elsevier Pub. Co.,
|c 1972-<1990 >
|
| 300 |
|
|
|a v. <1-6 >
|b illus.
|c 25 cm.
|
| 500 |
|
|
|a Vols. 3 edited by M.L. Stitch; v. 4-5 edited by M. Bass and M.L. Stitch.
|
| 500 |
|
|
|a Vols. 3-<6 > published by North-Holland Pub. Co., Amsterdam, New York, and distributed by Elsevier North-Holland, New York.
|
| 500 |
|
|
|a Vol. 6 edited by W.B. Colson, C. Pellegrini and A. Renieri.
|
| 504 |
|
|
|a Includes bibliographies and indexes.
|
| 650 |
|
0 |
|a Lasers.
|
| 700 |
1 |
|
|a Pellegrini, C.
|
| 700 |
1 |
|
|a Stitch, M. L.
|q (Malcolm L.),
|e joint author.
|
| 700 |
1 |
|
|a Schulz-Dubois, E. O,
|e joint author.
|
| 700 |
1 |
|
|a Colson, W. B.
|
| 700 |
1 |
|
|a Renieri, Alberto,
|d 1943-
|
| 852 |
8 |
|
|b CARM
|h A2:AP22E0
|i C07282
|p 0240797
|f BK
|
| 852 |
8 |
|
|b CARM
|h A2:AP22E0
|i C07282
|p 0240798
|f BK
|
| 999 |
f |
f |
|i 1f0f8748-bd2f-5ad9-8d58-08768a57a151
|s 34c0f1e7-d772-5a8d-9518-fbd80e974180
|
| 952 |
f |
f |
|p Can circulate
|a CAVAL
|b CAVAL
|c CAVAL
|d CARM 1 Store
|e C07282
|f A2:AP22E0
|h Other scheme
|i book
|j v.2
|m 0240797
|
| 952 |
f |
f |
|p Can circulate
|a CAVAL
|b CAVAL
|c CAVAL
|d CARM 1 Store
|e C07282
|f A2:AP22E0
|h Other scheme
|i book
|j v.1
|m 0240798
|